| 000 | 00684nam a2200193 a 4500 | ||
|---|---|---|---|
| 001 | 80297 | ||
| 003 | BD-RjUL | ||
| 005 | 20220904132351.0 | ||
| 008 | 220904s1969 p ||||| |||| 00| 0 u d | ||
| 035 | _a(BD-RjUL)80297 | ||
| 040 |
_aBD-RjUL _beng _cBD-RjUL |
||
| 041 | _aurd | ||
| 082 |
_223 _a081.6 _bTHM 1969 |
||
| 245 | 1 | 0 |
_aمكتبات سيد احمد شهيد اور كلاپانی ;; maktubat syyid ahmad shahid aur kalapani / _cMuhammad Jaafar Taha Nesri ; tarjuma sakhawat mirja ;; محمد جعفر تها نيسري ; ترجمه سخاوت مرزا |
| 260 |
_akarachi : _bNafis ekademy , _c1969 |
||
| 300 |
_a408 p. ; _c23 cm |
||
| 650 | _aIslam | ||
| 942 |
_2ddc _cBK |
||
| 999 |
_c80297 _d80297 |
||